00815 a2200241 4500003000500000005001700005010001600022020001500038040000900053082001200062100001900074245004400093250002300137260005700160300003300217440003100250505015400281650003600435650001500471651005100486700002500537740001100562Nust20221125115946.0 a 89011278 a083680029X cNust00a520,BRO1 aBrown, Robert,10aExploring space / cR. Brown, B. Jones. aNorth American ed. aMilwaukee :bGareth Stevens Children's Books,c1990. a64 p. :bcol. ill. ;c27 cm. 0aMy first reference library aLooking at Space (Page-4), Into Space (Page-12), The Universe Beyond (Page-26), The Night Sky (Page-34), Exploration (Page-34), The Future (Page-52). 0aAstronomyxJuvenile literature. 0aAstronomy. 0aOuter spacexExplorationxJuvenile literature.1 aJones, Brian,d1953-0 aSpace.